000 00451cam a2200169ua 4500
001 5640
008 131022n ii |||gr||||Z||||||eng
020 _a81-85891-75-3
040 _cMAIN
082 _a910.54162
245 _aAssam :
_bA Systematic Geography /
_cBy N.N. Bhattacharyya .
260 _aDelhi:
_bRajesh Publications,
_c2011.
300 _av,255p.
653 _aGeography of Assam
700 _aBhattacharyya,N.N.,
_eAuthor.
942 _cBK
999 _c4800
_d4800